000 02407cam a22001934a 4500
005 20250605164205.0
008 250528s ||||||||||||||||||||||||d
035 _a19882
020 _a9609042945
040 _aGR-AtMCL
_bgre
_dGR-AtMCL
_eAACR2
245 1 _aΕλληνικό Γενικό Λογιστικό Σχέδιο / Εκπαιδευτικό Βοήθημα: Μέρος Α'
260 _bΚαούνης,
_c1999
300 _a680
520 _aΕισαγωγή στη Λογιστική - Πεδία Εφαρμογών της Λογιστικής - Σκοποί της Λογιστικής - Επιστημονική Κατάταξη της Λογίστικής, Δίαρθρωση του Σχεδίου Λογαριασμών, Βασικές Αρχές, Διάρθρωση του Σχεδίου Λογαριασμών, Γενική Λογιστική, Σχέδιο Λογαριασμών Γενικής Λογιστικής, Πάγιο Ενεργητικό, Αποθέματα, Απαιτήσεις και Διαθέσιμα, Καθαρή Θέση - Προβλέψεις - Μακροπρόθεσμες Υποχρεώσεις, Βραχυπρόθεσμες Υποχρεώσεις, Οργανικά Έξοδα Κατ'Είδος, Οργανικά Έσοδα Κατ'Είδος, Λογαριασμοί Αποτελεσμάτων, Σχέδιο Υποχρεωτικών Λογαριασμών Αναλυτικής Λογιστικής Εκμεταλεύσεως, Λειτουργία και Συνδεσμολογία των Λογαριασμών της Γενικής Λογιστικής με Διευκρινίσεις στην Ορολογία και στο Περιεχόμενο τους, Πάγιο Ενεργητικό, Αποθέματα, Απαιτήσεις και Διαθέσιμα, Καθαρή Θέση - Προβλέψεις - Μακροπρόθεσμες Υποχρεώσεις, Βραχυπρόθεσμες Υποχρεώσεις, Οργανικά Έξοδα Κατ'Έιδος, Οργανικά Έσοδα Κατ'Έιδος, Λογαριασμοί Αποτελεσμάτων, Πράξεις και Συνάλλαγμα και Άλλα Συναφή Θέματα, Λογαριασμοί Τάξεως, Οικονομικές Καταστάσεις και Αριθμοδείκτες.
700 1 _aΚαούνης Δικαίος
_92775
942 _cBK
999 _c5125
_d5125